Filiación: derechos humanos fundamentales y problemas de su actual normativa
Saved in:
| Hovedforfatter: | |
|---|---|
| Format: | Bog |
| Sprog: | spansk |
| Udgivet: |
Santiago
Librotecnia
2017
|
| Udgivelse: | 2a. ed |
| Serier: | Derecho
|
| Fag: | |
| Tags: |
Tilføj Tag
Ingen Tags, Vær først til at tagge denne postø!
|
MARC
| LEADER | 00000cam a2200000 a 4500 | ||
|---|---|---|---|
| 001 | UCD8023 | ||
| 003 | CL-VaPUC | ||
| 008 | 170422e20170000cl |||||||||||||||||spa|d | ||
| 020 | |a 9789563271065 | ||
| 082 | 0 | 4 | |a 346.017 |b GRE |2 21 |
| 100 | |a Greeven Bobadilla, Nel Patricia |e author |9 779659 | ||
| 245 | 1 | 0 | |a Filiación: derechos humanos fundamentales y problemas de su actual normativa |
| 250 | |a 2a. ed | ||
| 300 | |a 631 p | ||
| 942 | |c BK | ||
| 945 | |d 20170422 00:05:00 |a dcastane | ||
| 260 | |a Santiago |b Librotecnia |c 2017 | ||
| 650 | 0 | |a Filiación |9 256647 | |
| 650 | 0 | |a Derechos humanos |9 223025 | |
| 650 | 0 | |a Derechos fundamentales |9 254841 | |
| 583 | |a last modification |c 20170422 00:05:00 |k Rodrigo Vera | ||
| 490 | 0 | |a Derecho | |
| 999 | |c 367800 |d 367798 | ||
| 952 | |0 0 |1 0 |2 ddc |3 erb |4 0 |6 346_017000000000000_GRE_2017 |7 0 |8 A |9 482883 |a BIBDER |b BIBDER |i 5371392 |l 5 |m 2 |o 346.017 GRE 2017 |p 5371392 |r 2023-06-13 |s 2023-05-16 |w 2019-11-24 |y BK |z Catalogado en:20170422 |k DER | ||